Suburb to City - Statistics

General Stats
  • This quiz has been taken 13 times
  • The average score is 29 of 40
Answer Stats
Suburb City % Correct
Round Rock Austin
100%
Revere Boston
100%
Naperville Chicago
100%
Plano Dallas
100%
Riverside Los Angeles
100%
Yonkers New York City
100%
Redwood City San Francisco
100%
Henderson Las Vegas
92%
Chula Vista San Diego
92%
Bellevue Seattle
92%
Dearborn Detroit
83%
League City Houston
83%
Overland Park Kansas City
83%
Kissimmee Orlando
83%
Mesa Phoenix
83%
Provo Salt Lake City
83%
Marietta Atlanta
75%
Miramar Miami
75%
Clearwater Tampa
75%
Alexandria Washington DC
75%
Towson Baltimore
67%
Elyria Cleveland
67%
Lakewood Denver
67%
Carmel Indianapolis
67%
Waukesha Milwaukee
67%
Murfreesboro Nashville
67%
Gresham Portland
67%
Broken Arrow Tulsa
67%
Ankeny Des Moines
58%
Belle Chasse New Orleans
58%
Apex Raleigh
58%
Kannapolis Raleigh
58%
Sparks Reno
58%
Rio Rancho Albuquerque
50%
Nampa Boise
50%
Cheektowaga Buffalo
42%
Covington Cincinnati
42%
Council Bluffs Omaha
42%
Irondequoit Rochester
25%
Superior Duluth
17%
No matching quizzes found
Score Distribution
Percent of People with Each Score
Percentile by Number Answered
Your Score History
You have not taken this quiz